Špecifiká reklamy zameranej na seniorov bakalárska práca

Saved in:
Bibliographic Details
Main Author: Hricová, Zuzana
Corporate Author: Obchodná fakulta EU. Katedra marketingu
Other Authors: Chebeň, Juraj
Format: Book
Language:Slovak
Published: Bratislava 2011
Tags: Add Tag
No Tags, Be the first to tag this record!

MARC

LEADER 00000nbm a2200000 4500
001 0150840
005 20120523125344.4
041 0 |a slo 
044 |a SK 
245 1 0 |a Špecifiká reklamy zameranej na seniorov  |b bakalárska práca  |c Zuzana Hricová ; školiteľ: Juraj Chebeň 
264 1 |a Bratislava  |c 2011 
300 |a 48 s. 
100 1 |a Hricová, Zuzana 
700 1 |a Chebeň, Juraj 
710 2 |a Obchodná fakulta EU. Katedra marketingu